000 00693cam a22002294a 4500
005 20250605164248.0
008 250528s ||||||||||||||||||||||||d
035 _a21628
020 _a9780273685425
040 _aGR-AtMCL
_bgre
_dGR-AtMCL
_eAACR2
245 1 _aLOGISTICS MANAGEMENT AND STRATEGY
250 _a2
260 _bPrentice Hall,
_c2005
300 _a308
505 0 _aINTRODUCTION LEVERAGING LOGISTICS OPERATIONS WORKING TOGETHER CHANGING THE FUTURE
520 _aINTRODUCTION LEVERAGING LOGISTICS OPERATIONS WORKING TOGETHER CHANGING THE FUTURE
700 1 _aHarrison Alan
_91456
700 1 _aVan Hoek Remko
_97578
942 _cBK
999 _c6689
_d6689